Piłkarska kariera Józefa Młynarczyka. - Statystyki

Ogólne statystyki
  • Ten quiz został rozwiązany 32 razy
  • Średni wynik to 2 z 6
Statystyki odpowiedzi
Lata Drużyna % Poprawnych
1986-1989 Porto
100%
1980-1984 Widzew Łódź
78%
1977-1980 Odra Opole
33%
1984-1986 Bastia
19%
1974-1977 Stal Bielsko-biała
11%
?-1972 Arka Nowa Sól
4%
Nie znaleziono quizów pasujących do podanych kryteriów
Rozkład punktacji
Procent ludzi z każdym wynikiem
Percentyl według liczby udzielonych odpowiedzi
Twoja historia wyników
Nie rozwiązałeś tego quizu